Juana de Arco / (Registro nro. 11057)

Detalles MARC
000 -LIDER
fixed length control field 00850nam a22003017i 4500
001 - NÚMERO DE CONTROL
Identificador de número de control 0006626
003 - IDENTIFICACDOR DE NÚMERO DE CONTROL
control field DO-SdBNP
005 - DATE AND TIME OF LATEST TRANSACTION
control field 20240209092719.0
007 - CAMPOS FIJOS DE DESCRIPCIÓN FÍSICA
fixed length control field 0006626
008 - ELEMENTOS DE LONGITUD FIJA
fixed length control field 871204s1986 sp spa
015 ## - NÚMERO DENTRO DE LA BIBLIOGRAFÍA NACIONAL
National bibliography number
020 ## - ISBN
International Standard Book Number 842724018X
035 ## - NÚMERO LOCAL
System control number
040 ## - FUENTE DE CATALOGACIÓN
Agencia que crea de manera original el registro BPMSU
Idioma de catalogación spa
Agencia que realiza la transcripción BPMSU
Convenciones de la despripción
082 #4 - NÚMERO DE CLASIFICACIÓN DECIMAL DE DEWEY
Classification number 813.4
Item number T969J 1986
Edition number 22
100 1# - ASIENTO PRINCIPAL -- NOMBRE PERSONAL
Nombre personal Twain, Mark
Fechas asociadas con el nombre 1835-1910
240 10 - TITULO UNIFORME
Título uniforme
Idioma de una obra
245 10 - MENCIÓN DE TITULO
Título Juana de Arco /
Mención de responsabilidad Mark Twain ; adaptación de Juan A.G. Larraya
Medio (Designación general de material)
260 ## - PUBLICACIÓN, DISTRIBUCIÓN, ETC. (PIE DE IMPRENTA)
Lugar de publicación, distribución, etc Barcelona :
Nombre del editor, distribuidor, etc. Editora Molino,
Fecha de publicación, distribución, etc D.L. 1986
300 ## - DESCRIPCIÓN FÍSICA
Extensión 187 p. ;
Dimensiones 21 cm
490 0# - MENCIÓN DE SERIES
Mención de serie Clásicos juveniles Molino,
Volume/sequential designation 18
590 ## - NOTA LOCAL
Texto de la nota local Inventariado, 2024/VM
600 14 - ENCABEZAMIENTO DE MATERIA--NOMBRE PERSONAL
Nombre personal Arco, Juana de,
Títulos u otras palabras asociadas con el nombre Santa
Fechas asociadas con el nombre 1431-1431
650 #4 - ENCABEZAMIENTO DE MATERIA--TEMÁTICO
Término temático o nombre geográfico como elemento de entrada Novela juvenil estadounidense
650 #4 - ENCABEZAMIENTO DE MATERIA--TEMÁTICO
Término temático o nombre geográfico como elemento de entrada Literatura estadounidense
910 ## - VALIDACIÓN
Validación VMateo V. Control de calidad.
942 ## - ADDED ENTRY ELEMENTS (KOHA)
Source of classification or shelving scheme Dewey Decimal Classification
Koha item type Libros
Existencias
Withdrawn status Lost status Source of classification or shelving scheme Damaged status Not for loan Collection code Home library Current library Date acquired Source of acquisition Total Checkouts Full call number Barcode Date last seen Price effective from Koha item type
    Dewey Decimal Classification     Colección Juvenil General Biblioteca Pública Metropolitana Salomé Ureña Biblioteca Pública Metropolitana Salomé Ureña 07/29/2016 FUNDI   BPMSU CJG 813.4 T969J 1986 BPMSU16070688 07/29/2016 07/29/2016 Libros